| 000 | 00575nam a2200205 a 4500 | ||
|---|---|---|---|
| 003 | DLC | ||
| 005 | 20260326081205.0 | ||
| 008 | 260326c1970 us|sr|p|r|||| 00| 0 spa d | ||
| 035 | _aUPN01000059312 | ||
| 040 |
_aMX-MxUPN _bspa _cMX-MxUPN _eaacr2 |
||
| 245 | 1 | 0 | _aAdult and continuing education today |
| 260 |
_aEstados Unidos de América : _bLearning Resources Network, _c1970- |
||
| 310 | _aQuincenal | ||
| 506 | 0 | _aAcceso abierto | |
| 650 | 4 |
_aEducación permanente _97280 |
|
| 653 | 0 | _aAdultos | |
| 902 | _aGloria Jiménez/260326 | ||
| 905 | _aRevista | ||
| 942 | _cREV-I | ||
| 999 |
_c59310 _d59310 |
||